Structral design in metals (Record no. 11702)

000 -LEADER
fixed length control field 00502nam a22001937a 4500
001 - CONTROL NUMBER
control field 11702
003 - CONTROL NUMBER IDENTIFIER
control field BD-DhUET
008 - FIXED-LENGTH DATA ELEMENTS--GENERAL INFORMATION
fixed length control field 150218b xxu||||| |||| 00| 0 eng d
040 ## - CATALOGING SOURCE
Original cataloging agency DLC
Transcribing agency DLC
Modifying agency BD-DhUET
082 ## - DEWEY DECIMAL CLASSIFICATION NUMBER
Classification number 624.182
Item number WIL/1957
100 ## - MAIN ENTRY--PERSONAL NAME
Personal name Willims, Clifford D.
245 ## - TITLE STATEMENT
Title Structral design in metals
250 ## - EDITION STATEMENT
Edition statement 2nd ed.
260 ## - PUBLICATION, DISTRIBUTION, ETC. (IMPRINT)
Place of publication, distribution, etc. New York
Name of publisher, distributor, etc. Ronald Press
Date of publication, distribution, etc. 1957
300 ## - PHYSICAL DESCRIPTION
Extent viii, 655 p.
Other physical details ill.
Dimensions 17 cm.
650 #0 - SUBJECT ADDED ENTRY--TOPICAL TERM
Topical term or geographic name as entry element Metals Structural Engg
700 ## - ADDED ENTRY--PERSONAL NAME
Personal name Harris, Ernest C.
942 ## - ADDED ENTRY ELEMENTS (KOHA)
Koha item type General Book
Holdings
Shelving location Lost status Copy number Koha item type Piece designation (barcode) Price effective from Not for loan Koha normalized classification for sorting Koha full call number Sublocation or collection (holding branch) Damaged status Source of classification or shelving scheme Location (home branch) Koha date last seen Withdrawn status Date acquired
Circulation section 1General Book612242015-02-18 624_182000000000000_WIL_1957624.182/WIL/1957Central Library, BUET  Central Library, BUET2015-02-18 2015-02-18
Circulation section 2General Book424282015-02-18 624_182000000000000_WIL_1957624.182/WIL/1957Central Library, BUET  Central Library, BUET2015-02-18 2015-02-18
Circulation section 3General Book115602015-02-18 624_182000000000000_WIL_1957624.182/WIL/1957Central Library, BUET  Central Library, BUET2015-02-18 2015-02-18
Circulation section 4General Book611472015-02-18 624_182000000000000_WIL_1957624.182/WIL/1957Central Library, BUET  Central Library, BUET2015-02-18 2015-02-18
Circulation section 5General Book423572015-05-10 624_182000000000000_WIL_1957624.182/WIL/1957Central Library, BUET  Central Library, BUET2015-05-10 2015-05-10
Circulation section 6General Book115592015-05-12 624_182000000000000_WIL_1957624.182/WIL/1957Central Library, BUET  Central Library, BUET2015-05-12 2015-05-12